| 000 | 00406nam a2200145 a 4500 | ||
|---|---|---|---|
| 005 | 20140414093841.0 | ||
| 008 | 090511s19uu xx 00 eng d | ||
| 050 |
_aVHS 808.4 _bHOW 2003 |
||
| 245 | _aHow to use prewriting strategies. | ||
| 260 |
_aUSA : _bASCD, _cc2003. |
||
| 440 | _aA video series for the classroom teacher | ||
| 650 |
_aEnglish language _xRhetoric. |
||
| 942 | _cAVM | ||
| 999 |
_c109319 _d109319 |
||